[Event "Titled Tuesday intern op 05th Sep Early"]
[Site "Chess.com INT"]
[Date "2023.09.05"]
[Round "2"]
[White "Albertini, Luca"]
[Black "Lehtosaari, Mauri"]
[Result "0-1"]
[WhiteElo "2100"]
[BlackElo "2151"]
[PlyCount "106"]
[EventDate "2023.09.05"]
[EventType "swiss (blitz)"]
[EventRounds "11"]
[EventCountry "USA"]
[SourceTitle "EXT 2024"]
[Source "ChessBase"]
[SourceDate "2023.10.10"]
[SourceVersion "1"]
[SourceVersionDate "2023.10.10"]
[SourceQuality "1"]

1. d4 d5 2. c4 c6 3. Nc3 Nf6 4. cxd5 cxd5 5. Bg5 Ne4 6. Bf4 Nxc3 7. bxc3 Nc6 8. e3 Qa5 9. Qd2 Bf5 10. Nf3 e6 11. Bd3 Bxd3 12. Qxd3 Be7 13. 0-0 0-0 14. Rfb1 b6 15. a3 Rac8 16. c4 Qa6 17. Nd2 Na5 18. Rc1 Nxc4 19. a4 Bb4 20. Nf3 f6 21. e4 Qb7 22. exd5 exd5 23. Qf5 Rfe8 24. Rab1 a5 25. h4 Qf7 26. h5 Qe6 27. Qd3 Qe4 28. Qxe4 dxe4 29. Nh4 Red8 30. Nf5 Kf7 31. g4 g6 32. Ng3 Rxd4 33. Be3 Rdd8 34. Nxe4 Ne5 35. Rxc8 Rxc8 36. Rxb4 axb4 37. Nd6+ Ke6 38. Nxc8 Nxg4 39. Nxb6 b3 40. hxg6 b2 41. gxh7 b1Q+ 42. Kg2 Qxh7 43. Nc4 Nxe3+ 44. Nxe3 Qe4+ 45. Kg3 Qxa4 46. Kf3 f5 47. Kg3 Qe4 48. Ng2 Qg4+ 49. Kh2 f4 50. Ne1 Qe2 51. Ng2 Qxf2 52. Kh1 f3 53. Nf4+ Kf7 0-1

[Event "Speed Chess Q2 Sw"]
[Site "Chess.com INT"]
[Date "2023.08.23"]
[Round "4"]
[White "Ghosh, Chanchal Kumer"]
[Black "Albertini, Luca"]
[Result "0-1"]
[WhiteElo "2050"]
[BlackElo "2103"]
[PlyCount "38"]
[EventDate "2023.08.23"]
[EventType "swiss (blitz)"]
[EventRounds "14"]
[EventCountry "USA"]
[SourceTitle "CBM 215 Extra"]
[Source "ChessBase"]
[SourceDate "2023.09.30"]
[SourceVersion "1"]
[SourceVersionDate "2023.09.30"]
[SourceQuality "1"]

1. e4 e5 2. Nf3 Nc6 3. Bc4 Bc5 4. c3 Nf6 5. d4 exd4 6. cxd4 Bb4+ 7. Nc3 Nxe4 8. 0-0 Bxc3 9. d5 Bf6 10. Re1 Ne7 11. Rxe4 d6 12. Bg5 Bxg5 13. Nxg5 h6 14. Qe2 hxg5 15. Re1 Be6 16. dxe6 f6 17. Re3 d5 18. Bd3 Qd6 19. b4 Qxh2+ 0-1

[Event "Titled Tuesday intern op 22nd Aug Early"]
[Site "Chess.com INT"]
[Date "2023.08.22"]
[Round "9"]
[White "Albertini, Luca"]
[Black "Czerw, Dawid"]
[Result "1-0"]
[WhiteElo "2103"]
[BlackElo "2400"]
[PlyCount "57"]
[EventDate "2023.08.22"]
[EventType "swiss (blitz)"]
[EventRounds "11"]
[EventCountry "USA"]
[SourceTitle "EXT 2024"]
[Source "ChessBase"]
[SourceDate "2023.10.10"]
[SourceVersion "1"]
[SourceVersionDate "2023.10.10"]
[SourceQuality "1"]

1. d4 c5 2. d5 e5 3. c4 d6 4. e4 Be7 5. Nc3 Bg5 6. g3 Bxc1 7. Qxc1 Nh6 8. Bg2 0-0 9. Nge2 a6 10. 0-0 Nd7 11. a4 f5 12. f4 Qe7 13. Qd2 Nf6 14. Rae1 fxe4 15. Nxe4 Nxe4 16. Bxe4 Bh3 17. Bg2 Bxg2 18. Kxg2 Rae8 19. Nc3 Qd7 20. fxe5 Rxf1 21. e6 Qd8 22. Rxf1 Ng4 23. Ne4 Ne5 24. Qf4 h6 25. Nxc5 Qb6 26. Nd7 Qxb2+ 27. Rf2 Nxd7 28. Qf7+ Kh7 29. exd7 1-0

[Event "Titled Tuesday intern op 22nd Aug Early"]
[Site "Chess.com INT"]
[Date "2023.08.22"]
[Round "2"]
[White "Albertini, Luca"]
[Black "Kacprzak, Karol1111"]
[Result "0-1"]
[WhiteElo "2103"]
[BlackElo "2315"]
[PlyCount "40"]
[EventDate "2023.08.22"]
[EventType "swiss (blitz)"]
[EventRounds "11"]
[EventCountry "USA"]
[SourceTitle "EXT 2024"]
[Source "ChessBase"]
[SourceDate "2023.10.10"]
[SourceVersion "1"]
[SourceVersionDate "2023.10.10"]
[SourceQuality "1"]

1. d4 Nf6 2. c4 c5 3. d5 b5 4. cxb5 a6 5. bxa6 Bxa6 6. Nc3 g6 7. e4 Bxf1 8. Kxf1 d6 9. g3 Bg7 10. Nf3 0-0 11. Kg2 Nbd7 12. Qe2 Qa5 13. h3 Rfb8 14. a4 Nb6 15. Bd2 Qa6 16. Rhe1 Nfd7 17. b3 Qxe2 18. Rxe2 c4 19. a5 cxb3 20. Nb5 Bxa1 0-1

[Event "Titled Tuesday intern op 22nd Aug Late"]
[Site "Chess.com INT"]
[Date "2023.08.22"]
[Round "4"]
[White "Ismayil, Malak"]
[Black "Albertini, Luca"]
[Result "0-1"]
[WhiteElo "2148"]
[BlackElo "2103"]
[PlyCount "114"]
[EventDate "2023.08.22"]
[EventType "swiss (blitz)"]
[EventRounds "11"]
[EventCountry "USA"]
[SourceTitle "EXT 2024"]
[Source "ChessBase"]
[SourceDate "2023.10.10"]
[SourceVersion "1"]
[SourceVersionDate "2023.10.10"]
[SourceQuality "1"]

1. e4 e5 2. Nf3 Nc6 3. Bc4 Bc5 4. d3 Nf6 5. 0-0 d6 6. Nc3 Ne7 7. h3 Ng6 8. Be3 Bb6 9. Bb3 0-0 10. Bg5 c6 11. d4 exd4 12. Nxd4 h6 13. Be3 Re8 14. Qd3 Qe7 15. f3 Ne5 16. Qd2 Nh5 17. Bf2 Qg5 18. Qxg5 hxg5 19. Rad1 Kf8 20. Nde2 Bc7 21. Be3 b5 22. Bxg5 a5 23. a3 b4 24. axb4 axb4 25. Nb1 Bb6+ 26. Kh2 Ba6 27. Rd2 f6 28. Bh4 Be3 29. Re1 Bxd2 30. Nxd2 g5 31. Bf2 Bxe2 32. Rxe2 Nf4 33. Re1 Ke7 34. g3 Ne6 35. Kg2 Rh8 36. Nf1 Nc5 37. Bxc5 dxc5 38. Ne3 c4 39. Nxc4 Nxc4 40. Bxc4 Rhd8 41. Re2 Rd1 42. e5 f5 43. Bd3 f4 44. g4 Raa1 45. Re4 Rg1+ 46. Kf2 Rh1 47. Kg2 b3 48. cxb3 Rhd1 49. Be2 Rd2 50. Kf2 Ra2 51. Rb4 Raxb2 52. Re4 Ke6 53. Ke1 Rdc2 54. Bc4+ Ke7 55. Be2 Rxb3 56. Bd1 Rb1 57. Rd4 Rh2 0-1

[Event "Titled Tuesday intern op 28th Feb Late"]
[Site "Chess.com INT"]
[Date "2023.02.28"]
[Round "1"]
[White "Albertini, Luca"]
[Black "Sai, Krishna GV"]
[Result "0-1"]
[WhiteElo "2084"]
[BlackElo "2384"]
[PlyCount "88"]
[EventDate "2023.02.28"]
[EventType "swiss (blitz)"]
[EventRounds "11"]
[EventCountry "USA"]
[SourceTitle "CBM 213 Extra"]
[Source "ChessBase"]
[SourceDate "2023.05.31"]
[SourceVersion "1"]
[SourceVersionDate "2023.05.31"]
[SourceQuality "1"]

1. d4 d5 2. c4 e6 3. cxd5 exd5 4. Nc3 Nf6 5. Bg5 Be7 6. e3 0-0 7. Bd3 Nbd7 8. Nge2 Re8 9. 0-0 Nf8 10. Rc1 c6 11. Bxf6 Bxf6 12. b4 b5 13. Nb1 Bd7 14. Nd2 a5 15. a3 axb4 16. axb4 Be7 17. Rb1 Ra4 18. Qc2 Bxb4 19. Nb3 Ra3 20. Rfd1 Qh4 21. Nc5 Bxc5 22. Qxc5 Rea8 23. Ng3 Ne6 24. Qd6 Qd8 25. Nf5 Be8 26. Qg3 Ra2 27. Qh3 Qf6 28. Rf1 R8a3 29. Rbd1 Ng5 30. Qg4 g6 31. Nd6 Qxd6 32. Qxg5 Kg7 33. Bb1 Ra1 34. h4 Qf6 35. Qg3 h5 36. Kh2 b4 37. Rc1 b3 38. Bd3 b2 39. Rb1 Rxd3 40. Rxa1 bxa1Q 41. Rxa1 Rd2 42. Ra8 Bd7 43. Qb8 Qxh4+ 44. Kg1 Rd1# 0-1

[Event "Titled Tuesday intern op 28th Feb Early"]
[Site "Chess.com INT"]
[Date "2023.02.28"]
[Round "5"]
[White "Clawitter, Craig"]
[Black "Albertini, Luca"]
[Result "1-0"]
[WhiteElo "2050"]
[BlackElo "2084"]
[PlyCount "109"]
[EventDate "2023.02.28"]
[EventType "swiss (blitz)"]
[EventRounds "11"]
[EventCountry "USA"]
[SourceTitle "CBM 213 Extra"]
[Source "ChessBase"]
[SourceDate "2023.05.31"]
[SourceVersion "1"]
[SourceVersionDate "2023.05.31"]
[SourceQuality "1"]

1. e4 e5 2. Nc3 Bc5 3. f4 d6 4. Nf3 Nf6 5. Bc4 Nc6 6. d3 Bg4 7. Na4 Nd4 8. c3 Nxf3+ 9. gxf3 Bh3 10. Nxc5 dxc5 11. fxe5 Nd7 12. Bf4 Qe7 13. Qb3 Bg2 14. Rg1 Bxf3 15. Rxg7 Nxe5 16. Qxb7 Rd8 17. Bxe5 Qxe5 18. Qc6+ Rd7 19. Rxf7 Bg4 20. Qa8+ Rd8 21. Qc6+ Bd7 22. Qf6 Qxf6 23. Rxf6 Ke7 24. Rf7+ Kd6 25. Kd2 Be6 26. Bxe6 Kxe6 27. Raf1 Rhg8 28. R1f6+ Ke5 29. Rf5+ Ke6 30. Rxc7 Rg2+ 31. Ke3 Rxh2 32. Rcxc5 Rh3+ 33. Kf4 Rdxd3 34. Rce5+ Kd6 35. Rd5+ Ke6 36. Rxd3 Rxd3 37. Rh5 Rd7 38. Rh6+ Ke7 39. Rxh7+ Kd6 40. Rxd7+ Kxd7 41. Kf5 Kd6 42. Kf6 a5 43. e5+ Kc5 44. e6 Kc4 45. e7 Kd3 46. e8Q Kc2 47. Qb5 Kb1 48. Qxa5 Kxb2 49. Qb4+ Ka1 50. c4 Kxa2 51. c5 Ka1 52. c6 Ka2 53. c7 Ka1 54. c8Q Ka2 55. Qa6# 1-0

[Event "Titled Tuesday intern op 28th Feb Late"]
[Site "Chess.com INT"]
[Date "2023.02.28"]
[Round "3"]
[White "Dahlgren, James Allen"]
[Black "Albertini, Luca"]
[Result "1-0"]
[WhiteElo "1834"]
[BlackElo "2084"]
[PlyCount "127"]
[EventDate "2023.02.28"]
[EventType "swiss (blitz)"]
[EventRounds "11"]
[EventCountry "USA"]
[SourceTitle "CBM 213 Extra"]
[Source "ChessBase"]
[SourceDate "2023.05.31"]
[SourceVersion "1"]
[SourceVersionDate "2023.05.31"]
[SourceQuality "1"]

1. d3 d6 2. f4 g6 3. Nf3 Nf6 4. g3 Bg7 5. Bg2 0-0 6. 0-0 c6 7. c4 Nbd7 8. Nc3 e5 9. e4 Qb6+ 10. Kh1 Ng4 11. Qe2 f5 12. h3 exf4 13. hxg4 fxg4 14. Bxf4 gxf3 15. Bxf3 Ne5 16. Bg2 Bg4 17. Qd2 Rae8 18. Rae1 Nf7 19. Be3 Bd4 20. Bxd4 Qxd4 21. Qe3 Qe5 22. d4 Qh5+ 23. Kg1 Ng5 24. e5 dxe5 25. dxe5 Rxf1+ 26. Rxf1 Rxe5 27. Qf4 Rf5 28. Qb8+ Kg7 29. Qxb7+ Kh6 30. Qxc6 Bh3 31. Rxf5 Bxf5 32. Qf6 Qg4 33. Kh2 Qxc4 34. Qf8+ Kh5 35. Qg7 Kg4 36. Qxa7 Nf3+ 37. Bxf3+ Kxf3 38. Qb7+ Ke3 39. Qg2 Kd4 40. Qf2+ Ke5 41. Qe3+ Kf6 42. Qh6 Qf1 43. Qf8+ Ke6 44. Qe8+ Kf6 45. Qf8+ Kg5 46. Qe7+ Kg4 47. Qe2+ Qxe2+ 48. Nxe2 Kf3 49. Nd4+ Ke4 50. Nxf5 Kxf5 51. a4 Ke5 52. a5 Kd5 53. b4 Kc6 54. Kh3 h6 55. Kg4 Kb5 56. Kf4 Ka6 57. Ke5 Kb5 58. Kf6 g5 59. Kg6 h5 60. Kxh5 g4 61. Kxg4 Kxb4 62. a6 Ka5 63. a7 Kb6 64. a8Q 1-0

[Event "Titled Tuesday intern op 17th Jan Early"]
[Site "Chess.com INT"]
[Date "2023.01.17"]
[Round "7"]
[White "Albertini, Luca"]
[Black "Divya, Deshmukh"]
[Result "0-1"]
[WhiteElo "2084"]
[BlackElo "2349"]
[PlyCount "58"]
[EventDate "2023.01.17"]
[EventType "swiss (blitz)"]
[EventRounds "11"]
[EventCountry "USA"]
[SourceTitle "CBM 212 Extra"]
[Source "ChessBase"]
[SourceDate "2023.03.31"]
[SourceVersion "1"]
[SourceVersionDate "2023.03.31"]
[SourceQuality "1"]

1. e4 c5 2. Nf3 e6 3. c4 d5 4. exd5 exd5 5. d4 cxd4 6. cxd5 Qxd5 7. Qxd4 Qxd4 8. Nxd4 Nf6 9. Bg5 Bb4+ 10. Nc3 Ne4 11. Bd2 Nxd2 12. Kxd2 0-0 13. a3 Bc5 14. Nb3 Bxf2 15. Bd3 Nc6 16. Rhf1 Bb6 17. Nd5 Be6 18. Nxb6 axb6 19. Kc2 Rac8 20. Nc1 Rfd8 21. Kb1 Ne5 22. Bc2 Nc4 23. Rf2 Nd2+ 24. Rxd2 Rxd2 25. Be4 Rd1 26. Bc2 Bf5 27. Bxf5 Rcxc1+ 28. Ka2 Rxa1+ 29. Kb3 Rd2 0-1

[Event "Titled Tuesday intern op 17th Jan Early"]
[Site "Chess.com INT"]
[Date "2023.01.17"]
[Round "11"]
[White "Albertini, Luca"]
[Black "Warchol, Kamil"]
[Result "0-1"]
[WhiteElo "2084"]
[BlackElo "2163"]
[PlyCount "114"]
[EventDate "2023.01.17"]
[EventType "swiss (blitz)"]
[EventRounds "11"]
[EventCountry "USA"]
[SourceTitle "CBM 212 Extra"]
[Source "ChessBase"]
[SourceDate "2023.03.31"]
[SourceVersion "1"]
[SourceVersionDate "2023.03.31"]
[SourceQuality "1"]

1. e4 c5 2. Nf3 e6 3. c4 Nc6 4. Nc3 Nf6 5. Be2 e5 6. 0-0 g6 7. d3 Bg7 8. Rb1 0-0 9. a3 d6 10. b4 b6 11. bxc5 dxc5 12. Nd5 h6 13. Ne1 Nd4 14. Nc2 Nxd5 15. cxd5 Nxe2+ 16. Qxe2 f5 17. f4 Ba6 18. fxe5 Bxe5 19. Bxh6 Qh4 20. Bf4 Bxf4 21. g3 Bxg3 22. hxg3 Qxg3+ 23. Qg2 Qxg2+ 24. Kxg2 Bxd3 25. Rf2 Bxe4+ 26. Kg3 Bxd5 27. Ne3 Be4 28. Rd1 Rad8 29. Rxd8 Rxd8 30. Kf4 Kg7 31. Kg5 Rd3 32. Nc4 Rg3+ 33. Kf4 Rg4+ 34. Ke5 Rg3 35. Rd2 Rd3 36. Rh2 Rd5+ 37. Kf4 Rd4 38. Ne3 Kf6 39. Rh6 Rd3 40. a4 Kg7 41. Rh3 Kf6 42. Rh6 c4 43. Ng4+ fxg4 44. Kxe4 Rh3 45. Rxh3 gxh3 46. Kd4 h2 47. Kxc4 h1Q 48. Kb5 Qd5+ 49. Ka6 Qa5+ 50. Kb7 b5 51. Kc6 b4 52. Kb7 Qb6+ 53. Kc8 b3 54. a5 Qc6+ 55. Kb8 b2 56. a6 b1Q+ 57. Kxa7 Qbb6# 0-1

[Event "Titled Tuesday intern op 17th Jan Early"]
[Site "Chess.com INT"]
[Date "2023.01.17"]
[Round "4"]
[White "Fiorito, Joaquin"]
[Black "Albertini, Luca"]
[Result "1/2-1/2"]
[WhiteElo "2376"]
[BlackElo "2084"]
[PlyCount "177"]
[EventDate "2023.01.17"]
[EventType "swiss (blitz)"]
[EventRounds "11"]
[EventCountry "USA"]
[SourceTitle "CBM 212 Extra"]
[Source "ChessBase"]
[SourceDate "2023.03.31"]
[SourceVersion "1"]
[SourceVersionDate "2023.03.31"]
[SourceQuality "1"]

1. d4 d6 2. e4 Nf6 3. Nc3 g6 4. Be3 Bg7 5. Qd2 0-0 6. Bh6 Nc6 7. Nf3 e5 8. Bxg7 Kxg7 9. d5 Ne7 10. h4 c5 11. 0-0-0 h5 12. Ng5 a6 13. f4 Bg4 14. fxe5 dxe5 15. Be2 b5 16. Bxg4 Nxg4 17. Kb1 Qd6 18. Rhf1 f5 19. Ne6+ Kh7 20. Nxf8+ Rxf8 21. exf5 gxf5 22. Qg5 Nf6 23. Ne2 Rg8 24. Qe3 Ng4 25. Qd2 Rf8 26. Ng3 f4 27. Ne4 Qg6 28. Ng5+ Kh6 29. d6 Nf5 30. d7 Nd4 31. Kc1 Rd8 32. c3 Rxd7 33. Qd3 Qxd3 34. Rxd3 Nb3+ 35. Kc2 Rxd3 36. Kxd3 c4+ 37. Ke4 Nc5+ 38. Kd5 Ne3+ 39. Kxc5 Nxf1 40. Nf7+ Kg6 41. Nxe5+ Kf5 42. Nf3 Ne3 43. Kb6 Nxg2 44. Kxa6 Kg4 45. Ne5+ Kxh4 46. Ka5 Kg3 47. Kxb5 h4 48. a4 h3 49. a5 h2 50. a6 h1Q 51. a7 Qh8 52. Nxc4 Qa8 53. Ka6 Qc6+ 54. Nb6 f3 55. a8Q Qxa8+ 56. Nxa8 f2 57. b4 f1Q+ 58. b5 Qa1+ 59. Kb7 Ne3 60. b6 Nd5 61. Nc7 Nxc3 62. Kc6 Qa4+ 63. Kc5 Qa5+ 64. Kc6 Qa4+ 65. Kc5 Ne4+ 66. Kd5 Nf6+ 67. Kc5 Nd7+ 68. Kd6 Qb4+ 69. Kxd7 Qxb6 70. Nd5 Qd4 71. Ke6 Kf3 72. Ne7 Qe4+ 73. Kd6 Kf4 74. Nd5+ Kf5 75. Ne7+ Kf6 76. Nd5+ Kf7 77. Nc7 Qe7+ 78. Kc6 Qf6+ 79. Kd7 Qf5+ 80. Kd6 Qd3+ 81. Nd5 Qd4 82. Kc6 Ke6 83. Nc7+ Ke7 84. Nd5+ Kd8 85. Kd6 Qh4 86. Ke5 Qh5+ 87. Kd6 Ke8 88. Nf6+ Kf7 89. Nxh5 1/2-1/2

[Event "Titled Tuesday intern op 17th Jan Early"]
[Site "Chess.com INT"]
[Date "2023.01.17"]
[Round "9"]
[White "Juknis, Paulius"]
[Black "Albertini, Luca"]
[Result "1/2-1/2"]
[WhiteElo "2114"]
[BlackElo "2084"]
[PlyCount "85"]
[EventDate "2023.01.17"]
[EventType "swiss (blitz)"]
[EventRounds "11"]
[EventCountry "USA"]
[SourceTitle "CBM 212 Extra"]
[Source "ChessBase"]
[SourceDate "2023.03.31"]
[SourceVersion "1"]
[SourceVersionDate "2023.03.31"]
[SourceQuality "1"]

1. e4 c5 2. Nc3 Nc6 3. Bb5 Nd4 4. Nf3 a6 5. Bd3 d6 6. Nxd4 cxd4 7. Ne2 e5 8. c3 dxc3 9. dxc3 Nf6 10. c4 Be7 11. 0-0 Be6 12. b3 0-0 13. Qd2 Rc8 14. Ba3 Qc7 15. Rfd1 Rfd8 16. h3 Ne8 17. Nc3 g6 18. Nd5 Bxd5 19. cxd5 Ng7 20. Rac1 Qd7 21. Qa5 f5 22. b4 f4 23. f3 Rxc1 24. Rxc1 Rc8 25. Rxc8+ Qxc8 26. b5 axb5 27. Qxb5 Qc3 28. Qxb7 Qxa3 29. Qxe7 Qxd3 30. Qd8+ Kf7 31. Qd7+ Kg8 32. Qd8+ Kf7 33. Qd7+ Kf8 34. Qxd6+ Kf7 35. Qxe5 Qe3+ 36. Kh2 Nh5 37. d6 Qe1 38. Qe7+ Kg8 39. d7 Qg3+ 40. Kg1 Qe1+ 41. Kh2 Qg3+ 42. Kg1 Qe1+ 43. Kh2 1/2-1/2

[Event "Titled Tuesday intern op 17th Jan Early"]
[Site "Chess.com INT"]
[Date "2023.01.17"]
[Round "6"]
[White "Wagh, Suyog"]
[Black "Albertini, Luca"]
[Result "0-1"]
[WhiteElo "2341"]
[BlackElo "2084"]
[PlyCount "70"]
[EventDate "2023.01.17"]
[EventType "swiss (blitz)"]
[EventRounds "11"]
[EventCountry "USA"]
[SourceTitle "CBM 212 Extra"]
[Source "ChessBase"]
[SourceDate "2023.03.31"]
[SourceVersion "1"]
[SourceVersionDate "2023.03.31"]
[SourceQuality "1"]

1. Nf3 d5 2. e3 Nf6 3. c4 c6 4. b3 g6 5. Bb2 Bg7 6. d4 0-0 7. Bd3 Bg4 8. Nbd2 Bxf3 9. Nxf3 Nbd7 10. 0-0 Re8 11. Qc2 Nh5 12. Rad1 Qb8 13. h3 e5 14. cxd5 cxd5 15. Bb5 Rc8 16. Qe2 e4 17. Bxd7 exf3 18. Qxf3 Rc2 19. Rb1 Qd6 20. Bb5 Nf6 21. Bd3 Rc6 22. g3 Rac8 23. Kg2 a6 24. Rfd1 Qb4 25. g4 Qa5 26. a3 Qb6 27. b4 Re8 28. Rdc1 Ne4 29. Qd1 Rf6 30. Rc2 h5 31. Rbc1 hxg4 32. hxg4 Qd6 33. Qh1 Rxf2+ 34. Kg1 Qg3+ 35. Qg2 Qxg2# 0-1

[Event "Titled Tuesday intern op 27th Dec Early"]
[Site "Chess.com INT"]
[Date "2022.12.27"]
[Round "6"]
[White "Albertini, Luca"]
[Black "Ilkhomi, Jaloliddin"]
[Result "0-1"]
[WhiteElo "2079"]
[BlackElo "2145"]
[PlyCount "56"]
[EventDate "2022.12.27"]
[EventType "swiss (blitz)"]
[EventRounds "11"]
[EventCountry "USA"]
[SourceTitle "EXT 2024"]
[Source "ChessBase"]
[SourceDate "2023.10.10"]
[SourceVersion "1"]
[SourceVersionDate "2023.10.10"]
[SourceQuality "1"]

1. e4 e6 2. d4 d5 3. e5 c5 4. c3 Nc6 5. a3 Bd7 6. b4 cxd4 7. cxd4 Rc8 8. Bb2 Qb6 9. Nf3 Nh6 10. Bd3 Be7 11. 0-0 Na5 12. Nbd2 Nc4 13. Ra2 Nxb2 14. Rxb2 f6 15. exf6 Bxf6 16. Nb3 Ba4 17. Qb1 Bxb3 18. Rxb3 Bxd4 19. Nxd4 Qxd4 20. Bb5+ Ke7 21. Re3 a6 22. Rd1 Qf6 23. Ba4 Rhd8 24. Bb3 Nf5 25. Rf3 Rc3 26. Rxc3 Qxc3 27. Bxd5 Rxd5 28. Rxd5 exd5 0-1

[Event "Titled Tuesday intern op 27th Dec Early"]
[Site "Chess.com INT"]
[Date "2022.12.27"]
[Round "4"]
[White "Albertini, Luca"]
[Black "Sahakyan, Aleks"]
[Result "0-1"]
[WhiteElo "2079"]
[BlackElo "2307"]
[PlyCount "64"]
[EventDate "2022.12.27"]
[EventType "swiss (blitz)"]
[EventRounds "11"]
[EventCountry "USA"]
[SourceTitle "EXT 2024"]
[Source "ChessBase"]
[SourceDate "2023.10.10"]
[SourceVersion "1"]
[SourceVersionDate "2023.10.10"]
[SourceQuality "1"]

1. e4 g6 2. d4 Bg7 3. Nf3 a6 4. Be3 b5 5. c3 Bb7 6. Nbd2 Nf6 7. Bd3 Ng4 8. Qc2 Nxe3 9. fxe3 d6 10. 0-0-0 Nd7 11. h3 c5 12. g4 Rc8 13. Kb1 Qb6 14. Rhf1 h6 15. Nh4 cxd4 16. exd4 Bxd4 17. Ndf3 Bf6 18. e5 Nxe5 19. Nxe5 Bxe5 20. Nxg6 fxg6 21. Bxg6+ Kd8 22. Bf5 Rc4 23. Be6 Be4 24. Rd3 Bxd3 25. Qxd3 Rf4 26. Re1 Kc7 27. h4 Rhf8 28. g5 hxg5 29. hxg5 Qf2 30. Rxe5 Qf1+ 31. Qxf1 Rxf1+ 32. Kc2 dxe5 0-1

[Event "Titled Tuesday intern op 27th Dec Early"]
[Site "Chess.com INT"]
[Date "2022.12.27"]
[Round "3"]
[White "Iskusnyh, Sergei"]
[Black "Albertini, Luca"]
[Result "0-1"]
[WhiteElo "2443"]
[BlackElo "2079"]
[PlyCount "96"]
[EventDate "2022.12.27"]
[EventType "swiss (blitz)"]
[EventRounds "11"]
[EventCountry "USA"]
[SourceTitle "EXT 2024"]
[Source "ChessBase"]
[SourceDate "2023.10.10"]
[SourceVersion "1"]
[SourceVersionDate "2023.10.10"]
[SourceQuality "1"]

1. d4 Nf6 2. c4 d6 3. Nf3 g6 4. g3 Bg7 5. Bg2 0-0 6. Nc3 Nc6 7. 0-0 e5 8. h3 exd4 9. Nxd4 Nxd4 10. Qxd4 Nd7 11. Qd2 a5 12. b3 Nc5 13. Bb2 Be6 14. Rad1 Qd7 15. Kh2 Rae8 16. Nb5 b6 17. Bxg7 Kxg7 18. Nd4 Qe7 19. Qb2 Qf6 20. Rd2 Bd7 21. e3 Ne4 22. Rc2 Re7 23. Ne2 Qxb2 24. Rxb2 Rfe8 25. Nf4 Bc6 26. Rd1 g5 27. Nh5+ Kg6 28. g4 h6 29. Rd4 f5 30. Ng3 f4 31. Nf5 fxe3 32. Nxe7+ Rxe7 33. fxe3 Re5 34. Bxe4+ Bxe4 35. Kg3 Re6 36. Rf2 c6 37. Rf8 d5 38. cxd5 cxd5 39. Rd2 Rc6 40. Rdf2 Kg7 41. R2f7+ Kg6 42. Rb7 Bb1 43. Rfb8 Rc3 44. Kf2 Rc2+ 45. Ke1 Bxa2 46. Rxb6+ Kf7 47. R8b7+ Ke8 48. Rxh6 Bxb3 0-1

[Event "Titled Tuesday intern op 27th Dec Early"]
[Site "Chess.com INT"]
[Date "2022.12.27"]
[Round "8"]
[White "Koutlas, Nikolaos"]
[Black "Albertini, Luca"]
[Result "1/2-1/2"]
[WhiteElo "2267"]
[BlackElo "2079"]
[PlyCount "80"]
[EventDate "2022.12.27"]
[EventType "swiss (blitz)"]
[EventRounds "11"]
[EventCountry "USA"]
[SourceTitle "EXT 2024"]
[Source "ChessBase"]
[SourceDate "2023.10.10"]
[SourceVersion "1"]
[SourceVersionDate "2023.10.10"]
[SourceQuality "1"]

1. e4 d6 2. d4 Nf6 3. Nc3 g6 4. f4 Bg7 5. Nf3 0-0 6. Bd3 Nc6 7. d5 Nb8 8. 0-0 Bg4 9. h3 Bxf3 10. Qxf3 Nbd7 11. Be3 c6 12. dxc6 bxc6 13. Rad1 e5 14. Bc4 Qc7 15. f5 Nb6 16. Bb3 d5 17. exd5 cxd5 18. Bg5 e4 19. Qf2 Qe5 20. Bxf6 Qxf6 21. fxg6 Qxf2+ 22. Rxf2 hxg6 23. Nxd5 Bxb2 24. Nf6+ Bxf6 25. Rxf6 Kg7 26. Rc6 e3 27. Re1 f5 28. Rxe3 Rae8 29. Rc7+ Kf6 30. Rec3 Re1+ 31. Kf2 Rfe8 32. Rxa7 R8e2+ 33. Kg3 Rg1 34. Rc6+ Kg5 35. h4+ Kh6 36. Rxb6 Rgxg2+ 37. Kh3 Rh2+ 38. Kg3 Rhg2+ 39. Kf3 Rgf2+ 40. Kg3 Rg2+ 1/2-1/2

[Event "Titled Tuesday intern op 27th Dec Early"]
[Site "Chess.com INT"]
[Date "2022.12.27"]
[Round "2"]
[White "Oro, Faustino"]
[Black "Albertini, Luca"]
[Result "0-1"]
[WhiteElo "2182"]
[BlackElo "2079"]
[PlyCount "128"]
[EventDate "2022.12.27"]
[EventType "swiss (blitz)"]
[EventRounds "11"]
[EventCountry "USA"]
[SourceTitle "EXT 2024"]
[Source "ChessBase"]
[SourceDate "2023.10.10"]
[SourceVersion "1"]
[SourceVersionDate "2023.10.10"]
[SourceQuality "1"]

1. e4 d6 2. d4 g6 3. Nc3 Nf6 4. f4 Bg7 5. Nf3 0-0 6. Bd3 Nbd7 7. 0-0 Re8 8. e5 Ng4 9. e6 fxe6 10. Ng5 Ndf6 11. Qe2 Qd7 12. Re1 Nh6 13. Nxe6 Qxe6 14. Qxe6+ Bxe6 15. Rxe6 d5 16. Bd2 c6 17. Rae1 Kf7 18. R6e2 Nf5 19. Na4 Nxd4 20. Rf2 b6 21. h3 Nf5 22. g4 Nd6 23. Rfe2 Nfe4 24. Nc3 Nxd2 25. Rxd2 Bd4+ 26. Kg2 e5 27. fxe5 Bxe5 28. Rf2+ Kg7 29. Ref1 Bd4 30. Rf3 Bxc3 31. bxc3 Re7 32. Kg3 Rae8 33. h4 Re3 34. h5 gxh5 35. gxh5 R8e7 36. Kh4 c5 37. h6+ Kxh6 38. Rf6+ Kg7 39. Rxd6 c4 40. Rg1+ Kf8 41. Rd8+ Kf7 42. Bxh7 Kf6 43. Rf1+ Ke5 44. Rf5+ Ke6 45. Bg8+ Kxf5 46. Rxd5+ Ke4 47. Rd4+ Kf3 48. Bxc4 Rh7+ 49. Kg5 Rhe7 50. Kf6 R3e5 51. Bd5+ Kf2 52. c4 Re3 53. Rd3 Rc7 54. Rxe3 Kxe3 55. Ke5 Rc5 56. Kd6 Kd2 57. Kd7 Kc3 58. Kd8 Kb4 59. Kd7 Kc3 60. Kd6 Kxc2 61. Ke5 Kc3 62. Kd6 Kb2 63. Kd7 Kxa2 64. Kd8 Kb3 0-1

[Event "Titled Tuesday intern op 13th Dec Late"]
[Site "Chess.com INT"]
[Date "2022.12.13"]
[Round "3"]
[White "Albertini, Luca"]
[Black "Martinez Ramirez, Lennis"]
[Result "0-1"]
[WhiteElo "2079"]
[BlackElo "2421"]
[PlyCount "112"]
[EventDate "2022.12.13"]
[EventType "swiss (blitz)"]
[EventRounds "11"]
[EventCountry "USA"]
[SourceTitle "EXT 2024"]
[Source "ChessBase"]
[SourceDate "2023.10.10"]
[SourceVersion "1"]
[SourceVersionDate "2023.10.10"]
[SourceQuality "1"]

1. d4 d5 2. c4 e6 3. Nc3 Nf6 4. cxd5 exd5 5. Bg5 c6 6. e3 h6 7. Bh4 Be7 8. Nf3 0-0 9. Be2 Bf5 10. 0-0 Nbd7 11. a3 a5 12. Bg3 Nh5 13. Rc1 Nxg3 14. hxg3 Re8 15. Bd3 Bg4 16. Be2 Bd6 17. Nh2 Be6 18. Bg4 f5 19. Bh5 Re7 20. Ne2 g5 21. g4 Bxh2+ 22. Kxh2 fxg4 23. Ng3 Nf6 24. Qc2 Nxh5 25. Nxh5 Qd6+ 26. Kg1 Bf7 27. Ng3 Bg6 28. Qc5 Qxc5 29. Rxc5 a4 30. Rfc1 h5 31. Ne2 h4 32. Nc3 Kf7 33. Na2 Ke6 34. Nb4 Be4 35. Kh2 Rf7 36. Kg1 Raf8 37. Rf1 g3 38. f3 g4 39. f4 h3 40. Rc2 Bxc2 41. Nxc2 Kf5 42. Re1 Re7 43. Re2 Rfe8 44. Re1 Re4 45. Kh1 b6 46. Kg1 c5 47. Rd1 Rxe3 48. Nxe3+ Rxe3 49. dxc5 bxc5 50. Rxd5+ Kxf4 51. Rd1 Re2 52. Rf1+ Ke4 53. Rc1 Rxg2+ 54. Kh1 Rxb2 55. Re1+ Kf3 56. Rf1+ Rf2 0-1